Normal view
MARC view
- City planning
Entry Topical Term
001 - CONTROL NUMBER
- control field: 2127
003 - CONTROL NUMBER IDENTIFIER
- control field: NUST
005 - DATE AND TIME OF LATEST TRANSACTION
- control field: 20170607105955.0
008 - FIXED-LENGTH DATA ELEMENTS
- fixed length control field: 170607|| aca||aabn | a|a d
040 ## - CATALOGING SOURCE
- Original cataloging agency: NUST
- Transcribing agency: NUST
150 ## - HEADING--TOPICAL TERM
- Topical term or geographic name entry element: City planning
- Geographic subdivision: United States
- General subdivision: Congresses.
670 ## - SOURCE DATA FOUND
- Source citation: Work cat.: (NUST)0: Symposium on Engineering Geology in the Urban Environment, San Francisco, 1969. 2125, Environmental planning and geology;, 1971]
